000 00812nam a2200289Ia 4500
005 20250425161858.0
008 250425s9999 xx 000 0 und d
020 _a9682613108
041 _aspa
043 _amx
082 _a658.4012
100 _aABELL, DEREK F.
245 0 _aLA ADMINISTRACION CON ESTRATEGIAS DUALES: EL DOMINIO DEL PRESENTE Y LA ANTICIPACION AL FUTURO
250 _a1A ED.
260 _aMEXICO
260 _aMéxico
_bCOMPAÑIA EDITORIAL CONTINENTAL
_c1996
300 _a308
500 _aTítulo Traducido: MANAGING WITH DUAL STRATEGIES: MASTERING THE PRESENT, PREEMTING THE FUTURE
650 _aADMINISTRACION
650 _aCONSUMIDORES
650 _aCOSTOS
650 _aESTRATEGIAS
650 _aPLANEACION
710 _aCECSA
942 _c01
010 _a33420
999 _c218004
_d218004